Poesía e investigación / (Record no. 167726)

MARC details
000 -LEADER
campo de control de longitud fija 00837nam a22002295i 4500
001 - NÚMERO DE CONTROL
campo de control 167726
003 - IDENTIFICADOR DE NÚMERO DE CONTROL
campo de control ES-MaACL
005 - FECHA Y HORA DE LA ÚLTIMA TRANSACCIÓN
campo de control 20250930063149.0
008 - DATOS DE LONGITUD FIJA--INFORMACIÓN GENERAL
campo de control de longitud fija 160208s1974 sp |||| | spa d
080 ## - NÚMERO DE LA CLASIFICACIÓN DECIMAL UNIVERSAL
Número de la Clasificación Decimal Universal 830(436) Hofmannstalhl, Hugo von 1.06
100 1# - ENTRADA PRINCIPAL--NOMBRE DE PERSONA
Nombre de persona Broch, Hermann,
Fechas asociadas al nombre 1886-1951
9 (RLIN) 31828
245 10 - MENCIÓN DEL TÍTULO
Título Poesía e investigación /
Mención de responsabilidad, etc. Hemanna Broch ; [traducción de Ramón Ibero].
250 ## - MENCION DE EDICION
Mención de edición [1ª ed.].
260 ## - PUBLICACIÓN, DISTRIBUCIÓN, ETC.
Lugar de publicación, distribución, etc. Barcelona :
Nombre del editor, distribuidor, etc. Barral,
Fecha de publicación, distribución, etc. 1974.
300 ## - DESCRIPCIÓN FÍSICA
Extensión 447 p ;
Dimensiones 20 cm.
490 1# - MENCIÓN DE SERIE
Mención de serie Breve Biblioteca de Respuesta. Series de respuesta ;
Designación de volumen o secuencia 114
600 04 - PUNTO DE ACCESO ADICIONAL DE MATERIA--NOMBRE DE PERSONA
Nombre de persona Hofmannsthal, Hugo von-
Subdivisión de forma Crítica e interpretación.
9 (RLIN) 63967
700 0# - ENTRADA AGREGADA--NOMBRE PERSONAL
Nombre de persona Ibero, Ramón.
9 (RLIN) 64989
830 0# - PUNTO DE ACCESO ADICIONAL DE SERIE-TÍTULO UNIFORME
Título uniforme Breve biblioteca de respuesta
Designación de volumen o secuencia 114
9 (RLIN) 183536
852 ## - LOCALIZACIÓN
Ubicación ES-MaACL
Número de control de estantería L-30207
Nota libre .- Donat. Miguel A. Velasco
Holdings
Estatus retirado Estado de pérdida Estado de daño No para préstamo Biblioteca de origen Biblioteca actual Ubicación en estantería Fecha de adquisición Fuente de adquisición Total de préstamos Signatura topográfica completa Código de barras Visto por última vez Precio de reemplazo Tipo de ítem Koha
        Biblioteca del Ateneo de Madrid Biblioteca del Ateneo de Madrid Depósito 2 08/02/2016     L-30207 1194691 23/02/2023 23/02/2023 Libro impreso